000 01047cam a2200301 4500
999 _c17725
_d17725
001 1253485
005 20161129093356.0
008 740315t19741973caua bc l000 0 eng
010 _a 73088144
020 _a0875870562
040 _aDLC
_cDLC
_dDLC
043 _an-us-ca
050 0 0 _aN6263.L6L64 1973
_bL64 1973
110 2 _aLos Angeles County Museum of Art.
245 1 0 _aIslamic art:
_bthe Nasli M. Heeramaneck Collection, gift of Joan Palevsky.
_cEdited by Pratapaditya Pal.
260 _a[Los Angeles,
_cc1973]
300 _a232 p.
_billus.
_c26 cm.
504 _aBibliography: p. 230-231.
600 1 0 _aHeeramaneck, Nasli M.
_xArt collections.
610 2 0 _aLos Angeles County Museum of Art.
650 0 _aIslamic art
_vCatalogs.
650 0 _aArt
_zCalifornia
_zLos Angeles
_vCatalogs.
700 1 _aPal, Pratapaditya,
_eed.
906 _a7
_bcbc
_corignew
_d2
_eopcn
_f19
_gy-gencatlg
942 _2lcc
_cBOOKS
_hN6263.L6L64 1973